Panamá: la coyuntura electoral de mayo-junio de 1984. Notas sobre su significado, sus antecedentes y sus perspectivas

Gorde:
Xehetasun bibliografikoak
Egile nagusia: Castro Herrera, Guillermo
Erakunde egilea: CELA
Formatua: Texto
Argitaratua: Panamá: CELA
Etiketak: Etiketa erantsi
Etiketarik gabe, Izan zaitez lehena erregistro honi etiketa jartzen!

MARC

LEADER 00000 a a2200000 04500
001 21242
003
040
090 |a 092700  
100 |a Castro Herrera, Guillermo  
110 |a CELA  
245 |a Panamá: la coyuntura electoral de mayo-junio de 1984. Notas sobre su significado, sus antecedentes y sus perspectivas  
260 |a Panamá:   |b CELA  
300 |a 16 p.  
999 |c 12126  |d 12126